Le neoavanguardie - Statistics

Statistiche generali
  • Questo quiz è stato fatto 14 volte
  • Il punteggio medio è 3 su 5
Statistiche sulle risposte
Luoghi di nascita Esponenti Neoavanguardie % Corretto
Italia Michelangelo Pistoletto, Jannis Kounellis, Giovanni Anselmo Arte Povera
82%
Gran Bretagna e Stati Uniti Richard Long, Michael Heizer, Christo Land Art
73%
Stati Uniti Carl Andre, Sol Lewitt, Robert Morris Minimalismo
73%
Stati Uniti Joseph Kosuth, On Kawara, Douglas Huebler Arte concettuale
64%
Stati Uniti ed Europa Dennis Oppenheim, Hermann Nitsch, Vito Acconci Body Art
55%
Nessun quiz corrispondente trovato
Distribuzione punteggi
Percentuale di utenti per punteggio
Percentile per numero di risposta
I tuoi punteggi nel tempo
Non hai fatto questo quiz